<?xml version="1.0" encoding="UTF-8"?>
<record
    xmlns:xsi="http://www.w3.org/2001/XMLSchema-instance"
    xsi:schemaLocation="http://www.loc.gov/MARC21/slim http://www.loc.gov/standards/marcxml/schema/MARC21slim.xsd"
    xmlns="http://www.loc.gov/MARC21/slim">

  <leader>02266nam a22002537a 4500</leader>
  <controlfield tag="005">20220117101844.0</controlfield>
  <controlfield tag="008">220117b           ||||| |||| 00| 0 eng d</controlfield>
  <datafield tag="020" ind1=" " ind2=" ">
    <subfield code="a">8187966793</subfield>
  </datafield>
  <datafield tag="040" ind1=" " ind2=" ">
    <subfield code="c">AL</subfield>
  </datafield>
  <datafield tag="041" ind1=" " ind2=" ">
    <subfield code="a">eng</subfield>
  </datafield>
  <datafield tag="082" ind1=" " ind2=" ">
    <subfield code="2">23</subfield>
    <subfield code="a">621.483</subfield>
    <subfield code="b">SETG</subfield>
  </datafield>
  <datafield tag="100" ind1=" " ind2=" ">
    <subfield code="a">Manpreet Sethi Ed</subfield>
    <subfield code="9">13355</subfield>
  </datafield>
  <datafield tag="245" ind1=" " ind2=" ">
    <subfield code="a">Global Nuclear Challenges: Energy, Proliferation and Disarmament</subfield>
  </datafield>
  <datafield tag="260" ind1=" " ind2=" ">
    <subfield code="a">New Delhi:</subfield>
    <subfield code="b">K W Publishers Pvt Ltd.,</subfield>
    <subfield code="c">2009</subfield>
  </datafield>
  <datafield tag="300" ind1=" " ind2=" ">
    <subfield code="a">xi,123 p.</subfield>
    <subfield code="b">PB</subfield>
    <subfield code="c">22x15 cm.</subfield>
  </datafield>
  <datafield tag="365" ind1=" " ind2=" ">
    <subfield code="b">360.00</subfield>
    <subfield code="c">&#x20B9;</subfield>
    <subfield code="d">360.00</subfield>
  </datafield>
  <datafield tag="520" ind1=" " ind2=" ">
    <subfield code="a">The inherent dual nature of the power of the atom, as provider of electricity or as a weapon of mass destruction, has dictated national policies and international security agendas for decades now. A resurgence of interest in nuclear energy promises a reliable and environmentally sustainable source of electricity. But it also poses the risk of nuclear proliferation since mastery of nuclear fuel technology can also bring nations to the technical threshold of nuclear weapons. The decision, then, to cross the line is a political one. Except for four countries (India, Pakistan, Israel and North Korea), every other nation is a member of the nuclear Non-Proliferation Treaty (NPT). This should practically obviate the possibility of new states going nuclear unless one withdraws from the NPT and makes the bomb. Yet, the risk of proliferation remains alive. Nuclear disarmament provides one plank on which the spread of nuclear energy could be sustainably reconciled with nuclear nonproliferation. However, not many of those who matter are yet ready to acknowledge its desirability or feasibility. It is against the backdrop of this conundrum of nuclear issues that the Centre for Air Power Studies organised a seminar on Global Nuclear Challenges whose papers are reproduced in this volume. They reveal the complex interlinkages of contemporary nuclear concerns. The book should be essential reading for all involved in negotiating the maze of nuclear challenges confronting mankind today.</subfield>
  </datafield>
  <datafield tag="650" ind1=" " ind2=" ">
    <subfield code="a">Nuclear Disarmament</subfield>
    <subfield code="9">13356</subfield>
  </datafield>
  <datafield tag="650" ind1=" " ind2=" ">
    <subfield code="a">Nuclear Non Proliferation</subfield>
    <subfield code="9">13357</subfield>
  </datafield>
  <datafield tag="650" ind1=" " ind2=" ">
    <subfield code="a">Nuclear Power in India</subfield>
    <subfield code="9">13358</subfield>
  </datafield>
  <datafield tag="650" ind1=" " ind2=" ">
    <subfield code="a">Security without Nuclear Weapons</subfield>
    <subfield code="9">13359</subfield>
  </datafield>
  <datafield tag="700" ind1=" " ind2=" ">
    <subfield code="a">SETHI (Manpreet) Ed</subfield>
    <subfield code="9">13360</subfield>
  </datafield>
  <datafield tag="942" ind1=" " ind2=" ">
    <subfield code="2">ddc</subfield>
    <subfield code="c">GF</subfield>
  </datafield>
  <datafield tag="999" ind1=" " ind2=" ">
    <subfield code="c">221198</subfield>
    <subfield code="d">221198</subfield>
  </datafield>
  <datafield tag="952" ind1=" " ind2=" ">
    <subfield code="0">0</subfield>
    <subfield code="1">0</subfield>
    <subfield code="2">ddc</subfield>
    <subfield code="4">0</subfield>
    <subfield code="7">0</subfield>
    <subfield code="8">OTH</subfield>
    <subfield code="a">AL</subfield>
    <subfield code="b">AL</subfield>
    <subfield code="d">2013-03-24</subfield>
    <subfield code="l">0</subfield>
    <subfield code="o">621.483 SETG</subfield>
    <subfield code="p">GF03642</subfield>
    <subfield code="r">2022-01-17 00:00:00</subfield>
    <subfield code="w">2022-01-17</subfield>
    <subfield code="y">GF</subfield>
  </datafield>
</record>
